Normal view
MARC view
- Ahmad, Adeel
Entry Personal Name
001 - CONTROL NUMBER
- control field: 16061
003 - CONTROL NUMBER IDENTIFIER
- control field: NUST
005 - DATE AND TIME OF LATEST TRANSACTION
- control field: 20190630122913.0
008 - FIXED-LENGTH DATA ELEMENTS
- fixed length control field: 190630|| aca||aabn | a|a d
040 ## - CATALOGING SOURCE
- Original cataloging agency: NUST
- Transcribing agency: NUST
100 ## - HEADING--PERSONAL NAME
- Personal name: Ahmad, Adeel
670 ## - SOURCE DATA FOUND
- Source citation: Work cat.: (NUST)524603: Ahmad, Adeel, Mechanism Design for Increasing Resolution of Micro-Scanning Stage Lens /, 2017.
